000 00786nam a2200217 a 4500
005 20140310183534.0
008 111026s19uu xx 00 eng d
020 _a9780812369951
050 _aHC 59.72.S3
_b.As87 2008
245 _aAssets, livelihoods, and social policy /
_cCaroline Moser and Anis A. Dani, editors.
260 _aWashington DC :
_bThe World Bank,
_c2008.
300 _a337 p. :
_bill. ;
_c24 cm.
521 _aBSBA
650 _aSaving and investment
_xDeveloping countries
_xCase studies
650 _aStructural adjustment (Economic policy)
_xDeveloping countries
_xCase studies
650 _aDeveloping countries
_xSocial policy
_xCase studies
700 _aMoser, Caroline - editor
700 _aDani, Anis- editor
942 _cBK
_2lcc
_kFOR
999 _c24681
_d24681